| 000 | 01383nam a22003137a 4500 | ||
|---|---|---|---|
| 999 |
_c16211 _d16211 |
||
| 003 | EG-ScBUE | ||
| 005 | 20210606114920.0 | ||
| 008 | 111115s1966 ua f b 000 0 ara d | ||
| 040 |
_aEG-ScBUE _bara _erda _cEG-ScBUE _dEG-ScBUE |
||
| 041 | 1 |
_aara _heng |
|
| 082 | 0 | 4 |
_a821.9 _bا ر ن _222 |
| 100 | 1 |
_927749 _aأرنولد، ماثيو، _d1822-1888، _eمؤلف. |
|
| 240 | 1 | 0 |
_aEssays in criticism. _lEnglish |
| 245 | 1 | 0 |
_aمقالات في النقد / _cتأليف ماثيو أرنولد ؛ ترجمة وتقديم علي جمال الدين عزت ؛ مراجعة الدكتور لويس مرقص. |
| 264 | 1 |
_a[القاهرة] : _bالدار المصرية للتاليف والترجمة، _c1966. |
|
| 300 |
_a221 صفحة ؛ _c24 سم |
||
| 336 |
_2rdacontent _aنص _btxt |
||
| 337 |
_2rdamedia _aبدون وسيط _bn |
||
| 338 |
_2rdacarrier _aمجلد _bnc |
||
| 504 | _aيشتمل على إرجاعات ببليوجرافية. | ||
| 546 | _aالنص باللغة العربية وتم ترجمته من اللغة الإنجليزية. | ||
| 650 |
_916639 _aالشعر الإنجليزي _xتاريخ ونقد. _2BUEsh |
||
| 651 | _2BUEsh | ||
| 653 |
_cNovember2011 _bARALIT |
||
| 655 |
_vReading book _934232 |
||
| 700 | 1 |
_927750 _aعزت، على جمال الدين.، _eمترجم. |
|
| 700 | 1 |
_927751 _aمرقص، لويس، _eمراجع. |
|
| 942 |
_2ddc _cBB |
||